<The> Evaluation of corporate social responsibility as competitiveness

Hodnotenie CSR z viacerých aspektov a strán. Faktory konkurencieschopnosti podniku. Metodologické problémy v definovaní konkurencieschopnosti a metodológii jej hodnotenia.

Enregistré dans:
Détails bibliographiques
Auteur principal: Navickas, Valentinas
Autres auteurs: Kontautiene, Rima
Format: Chapitre de livre
Langue:anglais
Sujets:
Tags: Ajouter un tag
Pas de tags, Soyez le premier à ajouter un tag!

MARC

LEADER 00000naa a2200000 4500
001 0211661
005 20220718121406.6
041 0 |a eng 
044 |a SK 
245 1 0 |a <The> Evaluation of corporate social responsibility as competitiveness  |c Valentinas Navickas, Rima Kontautiene 
520 |a Hodnotenie CSR z viacerých aspektov a strán. Faktory konkurencieschopnosti podniku. Metodologické problémy v definovaní konkurencieschopnosti a metodológii jej hodnotenia. 
610 2 0 |a zodpovednosť podniku spoločenská 
610 2 0 |a konkurencieschopnosť 
610 2 0 |a metodológia 
100 1 |a Navickas, Valentinas 
700 1 |a Kontautiene, Rima